Animals by Colour: Yellow - Statistics

General Stats
  • This quiz has been taken 21 times
  • The average score is 3 of 11
Answer Stats
Picture Answer % Correct
Yellow Seahorse
92%
Honey Bee
85%
Yellow Tang
31%
Banana Slug
23%
Ghost Crab
15%
Goldfinch
15%
Burmese Python
8%
Golden Mantella
0%
Golden Silk Spider
0%
Yellow Sea Nettle
0%
Yellow-throated Marten
0%
No matching quizzes found
Score Distribution
Percent of People with Each Score
Percentile by Number Answered
Your Score History
You have not taken this quiz